| 000 | 01268cam a2200397 a 4500 | ||
|---|---|---|---|
| 001 | data | ||
| 005 | 20260322212103.0 | ||
| 008 | data | ||
| 035 | _a1020045 | ||
| 906 |
_a7 _bcbc _corignew _d1 _eocip _f19 _gy-gencatlg |
||
| 010 | _a 88012755 | ||
| 020 | _a0801649374 | ||
| 020 | _a9780801649370 | ||
| 035 | _9(DLC) 88012755 | ||
| 040 |
_aDNLM/DLC _cDLC _dDLC |
||
| 050 | 0 | 0 |
_aRD119.5.F33 _bF33 1989 |
| 060 | 0 | _aWE 705 F1415 | |
| 082 | 0 | 0 |
_a617/.52059 _219 |
| 245 | 0 | 0 |
_aFacial scars : _bincision, revision & camouflage / _c[edited by] J. Regan Thomas, G. Richard Holt ; illustrations by Jeanne Robertson. |
| 260 |
_aSt. Louis : _bMosby, _c1989. |
||
| 300 |
_axv, 365 p. : _bill. (some col.) ; _c28 cm. |
||
| 336 |
_atext _btxt _2rdacontent |
||
| 337 |
_aunmediated _bn _2rdamedia |
||
| 338 |
_avolume _bnc _2rdacarrier |
||
| 504 | _aIncludes bibliographies and index. | ||
| 650 | 0 |
_aFace _xSurgery. |
|
| 650 | 0 |
_aScars _xSurgery. |
|
| 650 | 0 | _aSurgery, Plastic. | |
| 650 | 2 |
_aCicatrix _xsurgery. |
|
| 650 | 2 |
_aFace _xsurgery. |
|
| 650 | 2 | _aSurgery, Plastic. | |
| 700 | 1 | _aThomas, J. Regan. | |
| 700 | 1 | _aHolt, G. Richard. | |
| 991 |
_bc-GenColl _hRD119.5.F33 _iF33 1989 _tCopy 1 _wBOOKS |
||
| 999 |
_c1501 _d1501 |
||